000 00479nam a2200145Ia 4500
008 100204s9999 xx 000 0 und d
082 _b24384
100 _aजोशी प्रकाश
245 _aअंटार्क्टिका
260 _b"ग्रंथाली ज्ञानयज्ञ , मुंबई"
_c2000
300 _a87
630 _aअंटार्क्टिका
730 _aअंटार्क्टिका
942 _cBOOK
999 _c469565
_d469562